| 000 | 00641mam a2200193 a 4500 | ||
|---|---|---|---|
| 020 | _a041919620X (pbk) | ||
| 082 | 0 | 4 |
_a624.193 _bAND. _cD. |
| 100 | 1 |
_aAnderson, Graham, _943330 |
|
| 245 | 1 | 4 |
_aThe Channel Tunnel story / _cGraham Anderson and Ben Roskrow. |
| 260 |
_aLondon : _bE & FN Spon, _c1994. |
||
| 300 |
_axvii, 218 p., [16] p. of plates : _bill. (some col.), ports. ; _c24 cm. |
||
| 500 | _aIncludes index. | ||
| 526 |
_a0 _b0 _c0 _d624_193000000000000_AND |
||
| 650 | 0 |
_aMCE _9379 |
|
| 650 | 0 |
_aTunneling _zEnglish Channel. _943331 |
|
| 650 | 0 |
_aTunnels _zEnglish Channel. _943332 |
|
| 700 | 1 |
_aRoskrow, Ben. _943333 |
|
| 942 |
_2ddc _cBK |
||
| 999 |
_c547157 _d547157 |
||